cash and nico quiz - Statistics

General Stats
  • This quiz has been taken 117 times
  • The average score is 13 of 21
Answer Stats
Hint Answer % Correct
how many stories does cash have 3
87%
what does Mia have in her house a lab
85%
who does Mia have a crush on cash
83%
who worked with Mia on meebo cash
83%
does shady have a girlfriend no
74%
what is cash's favorite ore redstone
70%
who does nico have a crush on zoey
70%
what is the color of shady's leaves yellow
66%
what is mia's favorite ore copper
64%
what is shady's favorite ore gold
64%
who does cash have a crush on mia
64%
what is the name of the town square city
64%
who is the person that spies on zoey the kid
62%
who works at the coffee shop enderman
60%
how many stories does mark's building have 5
57%
what is nico's favorite ore diamonds
55%
what does nico have in his basement a mancave
53%
who works at the grocery store juliette
49%
who works at the coffee shop ella
47%
what is zoey's favorite ore amethyst
40%
does Zoey have a crush on nico probably
15%
No matching quizzes found
Score Distribution
Percent of People with Each Score
Percentile by Number Answered
Your Score History
You have not taken this quiz